| 000 | 00547nas a2200229 i 4500 | ||
|---|---|---|---|
| 001 | 2489 | ||
| 003 | ES-MaACL | ||
| 005 | 20250729062616.0 | ||
| 007 | t| | ||
| 008 | 950801d189819--fr |a | 1 ||re d | ||
| 022 | _a2015-9099 | ||
| 245 | 0 | 0 | _aAnnuaire du Parlement. |
| 260 |
_aParis : _bG. Roustan, _c[1898-19??] |
||
| 300 |
_a3 v. ; _c20 cm. |
||
| 310 | _aAnual | ||
| 362 | 0 | _a1898/99 [I]-[...] | |
| 650 | 7 |
_aPolĂtica _2embne _9140345 |
|
| 852 |
_aES-MaACL _jG-15813-5 |
||
| 866 | 0 | _o1909-12. | |
| 942 | _2udc | ||
| 999 |
_c2489 _d2489 |
||